1631 1475 1730 1510 1258 1222 1595 1533 1224 1552 1799 1261 1042 1931 1029 1396 1431 1224 1901 1104 1587 1117 1004 1374 1289 1158 1631 1638 1735 1367 1145 1425 1634 1736 1382 1693 1167 1151 1460 1400 1453 1836 1977 1757 1042 1476 1887 1764 1550 1053 1340 1902 1556 1679 1580 1765 1637 1116 1074 1324 1997 1304 1702 1403 1568 1184 1203 1416 1140 1776 1174 1753 1141 1424 1743 1331 1549 1623 1703 1503 1484 1178 1774 1447 1691 1634 1763 1676 1256 1118 1849 1739 1084 1649 1388 1057 1839 1559 1831 BCNSPRNW ULIB Ver.6.0+V

เปลี่ยนเป็นภาษาไทย

Change to English
 แสดงรายละเอียดบรรณานุกรม
  กลับหน้าหลัก

Brief Record : Get Marc (ISO 2709) : E-mail record : QR code < ปิดหน้าต่าง
LEADER : 00000nam 2200000uu 4500
001    13399109661
003     ULIB
008    110407s2005||||th 000 0 eng d
020    1582796386
060  4 WB890^bT111O 2005
110 1  Trident Reference Publishing
245 00 Overcomming fatigue/^cTrident Reference Publishing
260    China:^bGrolier,^c2005
300    63 p.:^bcol.
650  7 fatigue
650  7 Natural Herb
650  7 Therapie
945    ^p0^l0^i023003
995    Tossapron
999 ^a ใช้งานได้ทุกระบบ
รายการนี้ยังไม่มีแท็ก
คุณยังไม่ได้ล็อกอิน คุณสามารถมีกิจกรรมร่วมกับเว็บไซต์ได้ แต่ต้องล็อกอินก่อน ::
  ล็อกอิน

รายการสื่อสารสนเทศ

ลำดับที่ ประเภท เลขเรียก/บาร์โค้ด สถานที่ สถานะ
- ไม่พบข้อมูล -

รายการใกล้เคียง
    หัวเรื่อง [fatigue]
    หัวเรื่อง [Natural Herb]
    หัวเรื่อง [Therapie]

BibComment


ยังไม่เคยถูกคอมเมนท์

คอมเมนท์ทรัพยากรรายการนี้
  คอมเมนท์: Overcomming fatig..


 Copyright 2026. Bcnsprnw @Library